| 000 | 00950nam a22002177a 4500 | ||
|---|---|---|---|
| 999 |
_c13075 _d13075 |
||
| 003 | AR-CdUCM | ||
| 008 | 190411b ||||| |||| 00| 0 spa d | ||
| 040 |
_aMUNICIPALIDAD PROVINCIAL DEL CUSCO _cBIBLIOTECA MUNICIPAL DEL CUSCO |
||
| 082 |
_a985.21 / _bSI624 / 1935 |
||
| 100 |
_aSivirichi, Atilio _97194 |
||
| 245 |
_aLa fundación de Lima : _bCiudad en cruz / |
||
| 260 |
_aLima : _bTaller de Linotipia de E. Marticorena, _c1935. |
||
| 300 |
_a53 páginas ; _bIlustraciones, _c24 cm. |
||
| 500 | _aTrabajo presentado al concurso Histórico, convocado por la Municipalidad, en homenaje al IV centenario de la fundación de Lima. | ||
| 505 | _aContenido: Lima Pre-histórica -- Existió el pueblo de Lima antes de la conquista Española -- Lima y la conquista Española -- Los tres reyes magos fundadores de Lima ... | ||
| 650 |
_aLima _9231 |
||
| 650 |
_aPerú _935 |
||
| 650 |
_aHistoria _9136 |
||
| 942 |
_2ddc _cLIBROS |
||
| 945 |
_acmm _d2019-04-11 |
||